000 00631cam a22002053a 4500
001 41509
003 PGUSA
005 20140828083932.0
008 121129s2012||||xxu|||||s|||||000 | eng d
040 _aPGUSA
_beng
042 _adc
100 1 _aPardo Bazán, Emilia, condesa de,
_d1852-1921
245 1 4 _aThe Mystery of the Lost Dauphin :
_bLouis XVII
_h[electronic resource] /
_cEmilia, condesa de Pardo Bazán
260 _bProject Gutenberg,
_c2012
506 _aPublic domain in the USA.
516 _aElectronic text
830 0 _aProject Gutenberg
_v41509
856 4 0 _uhttp://www.gutenberg.org/ebooks/41509
942 _cEB
999 _c270761
_d270761